African studies quarterly

Presents "African Studies Quarterly," an electronic journal published quarterly by the Center for African Studies at the University of Florida in Gainesville. Posts contact information for the editorial office via street address, telephone number, and e-mail. Lists advisory board and staff members....

Descripción completa

Detalles Bibliográficos
Autor Corporativo: University of Florida. Center for African Studies
Formato: Electrónico Revista
Lenguaje:inglés
Publicado: [Gainesville, Fla.] : University of Florida, Center for African Studies, 1997-
Materias:
Acceso en línea:Full text available from Research Library: 01/01/2009 to present

MARC

LEADER 00000nas a2200000 a 4500
001 ssj0020422
003 WaSeSS
005 20200512172242.0
006 m d
007 cr n
008 981102c19979999fluqr pss 0 a0eng c
010 |a sn 99030079   |z  2002256127 
022 |a 2152-2448  |l 2152-2448  |y 1093-2658 
035 |a (WaSeSS)ssj0020422 
037 |b African Studies Quarterly, PO Box 115560, 427 Grinter Hall, Gainesville, FL 32611 
040 |a GAT  |b eng  |c GAT  |d EYM  |d GUA  |d OCLCQ  |d N@F  |d OCLCQ  |d CUS  |d OCLCQ  |d DLC  |d OCLCQ  |d CUS  |d OCLCO  |d VT2  |d OCLCQ  |d IOG  |d OCLCQ  |d OCLCF  |d OCLCO  |d UUM  |d OCLCA  |d OCLCQ  |d U3W  |d OCLCO  |d OCLCQ  |d OCLCO  |d WYU  |d DLC  |d OCLCQ  |d OCLCO  |d OCLCQ  |d OCLCO  |d FUG  |d OCLCQ  |d OCLCO  |d WaSeSS 
042 |a pcc  |a nsdp 
043 |a f------ 
050 0 0 |a DT19.8 
082 1 0 |a 960.07  |2 14 
130 0 |a African studies quarterly (Online) 
222 0 |a African studies quarterly  |b (Online) 
245 1 0 |a African studies quarterly  |h [electronic resource]. 
246 1 3 |a ASQ 
260 |a [Gainesville, Fla.] :  |b University of Florida, Center for African Studies,  |c 1997- 
310 |a Quarterly 
362 0 |a Vol. 1, issue 1 (May 1997)- 
500 |a Title from title screen (viewed Aug. 6, 1999). 
500 |a Print version never published. 
506 |a License restrictions may limit access. 
520 8 |a Presents "African Studies Quarterly," an electronic journal published quarterly by the Center for African Studies at the University of Florida in Gainesville. Posts contact information for the editorial office via street address, telephone number, and e-mail. Lists advisory board and staff members. Offers access to the current issue, as well as to previous issues. Contains articles and related book reviews. Provides information on submissions and links to "African Anthropology." 
538 |a Mode of access: World Wide Web. 
588 |a Latest issue consulted: Vol. 10, issue 4 (spring 2009) (viewed at publisher's Web site, Dec. 2, 2009). 
610 2 0 |a University of Florida.  |b Center for African Studies. 
650 0 |a Electronic journals. 
650 7 |a Electronic journals.  |2 fast  |0 (OCoLC)fst00907317 
650 7 |a Study skills.  |2 fast  |0 (OCoLC)fst01136216 
651 0 |a Africa  |x Study and teaching  |v Periodicals. 
651 0 |a Gainesville (Fla.) 
651 0 |a Florida. 
651 7 |a Africa.  |2 fast  |0 (OCoLC)fst01239509 
651 7 |a Florida.  |2 fast  |0 (OCoLC)fst01205150 
651 7 |a Florida  |z Gainesville.  |2 fast  |0 (OCoLC)fst01207243 
653 |a African studies  |a Periodicals 
655 0 |a Electronic journals. 
710 2 |a University of Florida.  |b Center for African Studies. 
850 |a DLC 
856 4 0 |z Full text available from Research Library: 01/01/2009 to present  |u https://search.proquest.com/publication/60413